| 000 | 01973cas a2200505 a 4500 | ||
|---|---|---|---|
| 999 |
_c532935 _d532935 |
||
| 001 | 11486741 | ||
| 003 | NUST | ||
| 005 | 20200308150922.0 | ||
| 008 | 950427c19949999ohuar p 0 a0eng c | ||
| 010 |
_a 97652972 _zsn 95029086 |
||
| 022 | 0 |
_a2469-6293 _21 |
|
| 035 | _a(OCoLC)ocm32374705 | ||
| 037 | _bKettering Foundation, 200 Common Road, Dayton, OH 45459-2799 | ||
| 038 | _aATTAULLAH | ||
| 040 |
_aOHI _beng _cOHI _dGUA _dIUL _dDLC _dOCLCQ _dIUL _dOCLCQ _dOCLCA _dOCLCF _dDLC _dOCLCO _dDLC _dNJR |
||
| 042 |
_apcc _ansdp |
||
| 043 | _an-us--- | ||
| 050 | 0 | 0 |
_aLC89 _b.H54 |
| 082 | 1 | 0 |
_a378 _223 |
| 130 | 0 |
_aHigher education exchange (Dayton, Ohio) _926552 |
|
| 222 | 0 |
_aHigher education exchange _b(Dayton) |
|
| 245 | 1 | 0 | _aHigher education exchange. |
| 246 | 1 | 3 | _aExchange |
| 260 |
_aDayton, Ohio : _bKettering Foundation, _cc1994- |
||
| 300 |
_av. : _bill. ; _c26 cm. |
||
| 310 | _aAnnual | ||
| 362 | 0 | _a1994- | |
| 500 | _aEditor: David W. Brown. | ||
| 588 | _aLatest issue consulted: 2014 | ||
| 590 | _aSERBIB/SERLOC merged record | ||
| 650 | 0 |
_aEducation, Higher _zUnited States _vPeriodicals. _928835 |
|
| 650 | 0 |
_aEducation, Higher _xPhilosophy _vPeriodicals. _928836 |
|
| 650 | 0 |
_aEducation, Higher _xPolitical aspects _zUnited States _vPeriodicals. _928837 |
|
| 650 | 7 |
_aEducation, Higher. _2fast _0(OCoLC)fst00903005 _926556 |
|
| 650 | 7 |
_aEducation, Higher _xPhilosophy. _2fast _0(OCoLC)fst00903083 _928838 |
|
| 650 | 7 |
_aEducation, Higher _xPolitical aspects. _2fast _0(OCoLC)fst00903087 _928839 |
|
| 651 | 7 |
_aUnited States. _2fast _0(OCoLC)fst01204155 _926559 |
|
| 655 | 7 |
_aPeriodicals. _2fast _0(OCoLC)fst01411641 _926560 |
|
| 700 | 1 |
_aBrown, David W., _d1937 August 16- _926561 |
|
| 710 | 2 |
_aCharles F. Kettering Foundation. _926562 |
|
| 776 | 0 | 8 |
_iOnline version: _tHigher education exchange (Dayton, Ohio) _x2471-2280 _w(DLC) 2016200270 _w(OCoLC)942758104 |
| 906 |
_a7 _bcbc _cserials _d2 _encip _f19 _gn-oclcserc |
||
| 942 |
_2ddc _cCR |
||